Roller Coasters by Picture - Statistics

General Stats
  • This quiz has been taken 1,381 times
  • The average score is 12 of 20
Answer Stats
Picture Answer % Correct
El Toro
91%
The Smiler
89%
Iron Gwazi
86%
Magnum XL-200
80%
Skyrush
80%
The Beast
78%
Iron Rattler
77%
Ice Breaker
64%
Steel Dragon 2000
64%
Scream!
63%
DC Rivals HyperCoaster
60%
Olympia Looping
55%
Maxx Force
54%
Ride to Happiness
53%
Mystic Timbers
49%
Eejanaika
48%
Lech Coaster
48%
OzIris
43%
Big Apple Coaster
42%
Starry Sky Ripper
18%
No matching quizzes found
Score Distribution
Percent of People with Each Score
Percentile by Number Answered
Your Score History
You have not taken this quiz